|
|
|
|
| LEADER |
02079nam a2200421 i 4500 |
| 001 |
EBC6273885 |
| 003 |
MiAaPQ |
| 005 |
20201126155239.0 |
| 006 |
m o d | |
| 007 |
cr cnu|||||||| |
| 008 |
201126s2020 enk o 000 0 eng d |
| 020 |
|
|
|z 9781839827334
|
| 020 |
|
|
|a 9781839827303 (e-book)
|
| 035 |
|
|
|a (MiAaPQ)EBC6273885
|
| 035 |
|
|
|a (Au-PeEL)EBL6273885
|
| 035 |
|
|
|a (OCoLC)1182867774
|
| 040 |
|
|
|a MiAaPQ
|b eng
|e rda
|e pn
|c MiAaPQ
|d MiAaPQ
|
| 050 |
|
4 |
|a BF449.5
|b .F344 2020
|
| 082 |
0 |
|
|a 658.4092
|2 23
|
| 100 |
1 |
|
|a Fahey, Liam,
|d 1951-
|e author.
|
| 245 |
1 |
4 |
|a The insight discipline :
|b crafting marketplace understanding that makes a difference /
|c Liam Fahey.
|
| 264 |
|
1 |
|a Bingley, England :
|b Emerald Publishing,
|c 2020.
|
| 300 |
|
|
|a 1 online resource (420 pages).
|
| 336 |
|
|
|a text
|b txt
|2 rdacontent
|
| 337 |
|
|
|a computer
|b c
|2 rdamedia
|
| 338 |
|
|
|a online resource
|b cr
|2 rdacarrier
|
| 490 |
0 |
|
|a AMA leadership series
|
| 520 |
|
|
|a In his re-published book The Insight Discipline, Liam Fahey details the analysis methods and modes of deliberations required to overcome the insight challenge and to create an insight-driven culture. He lays out the business case for why leaders must emphasize the goal of attaining new insight if they want to gain maximum value from analysis.
|
| 588 |
|
|
|a Description based on print version record.
|
| 590 |
|
|
|a Electronic reproduction. Ann Arbor, MI : ProQuest, 2018. Available via World Wide Web. Access may be limited to ProQuest affiliated libraries.
|
| 650 |
|
0 |
|a Industrial management
|x Decision making.
|
| 650 |
|
0 |
|a Insight.
|
| 650 |
|
0 |
|a Leadership.
|
| 650 |
|
0 |
|a Business enterprises
|x Data processing.
|
| 655 |
|
4 |
|a Electronic books.
|
| 776 |
0 |
8 |
|i Print version:
|a Fahey, Liam, 1951-
|t Insight discipline : crafting marketplace understanding that makes a difference.
|d Bingley, England : Emerald Publishing, 2020
|h 420 pages
|k AMA leadership series
|z 9781839827334
|
| 797 |
2 |
|
|a ProQuest (Firm)
|
| 856 |
4 |
0 |
|u https://ebookcentral.proquest.com/lib/matrademy/detail.action?docID=6273885
|z Click to View
|